Estimación del consumo de vacas lecheras a pastoreo mediante un modelo de simulación
Uloženo v:
| Hlavní autoři: | , , |
|---|---|
| Médium: | Kniha |
| Jazyk: | španělština |
| Vydáno: |
Santiago
Departamento de Zootecnia de la Facultad de Agronomía de la Pontificia Universidad Católica de Chile
1984
|
| Edice: | Sistemas en Agricultura, 84 08
|
| Témata: | |
| Tagy: |
Přidat tag
Žádné tagy, Buďte první, kdo vytvoří štítek k tomuto záznamu!
|
MARC
| LEADER | 00000nam a2200000 a 4500 | ||
|---|---|---|---|
| 001 | UCG5388 | ||
| 003 | CL-VaPUC | ||
| 008 | 110303e19840000CL |||||||||||||||||spa|d | ||
| 082 | 0 | 4 | |a 637.1 |b DUR |2 21 |
| 100 | 0 | |a Durán Oudri, Henry |e author |9 555062 | |
| 700 | 0 | |a Cañas Cruchaga, Raúl |e author |9 555063 | |
| 700 | 0 | |a Aguilar González, Claudio |e author |9 555064 | |
| 245 | 1 | 0 | |a Estimación del consumo de vacas lecheras a pastoreo mediante un modelo de simulación |
| 300 | |a 24 h | ||
| 942 | |c BK | ||
| 945 | |d 20110303 00:00:00 |a dcastane | ||
| 260 | |a Santiago |b Departamento de Zootecnia de la Facultad de Agronomía de la Pontificia Universidad Católica de Chile |c 1984 | ||
| 650 | 0 | |a Vacas lecheras |9 503164 | |
| 650 | 7 | |a PRODUCCION DE LECHE |2 CL-VaPUC |9 394513 | |
| 650 | 0 | |a Animales lecheros |9 403553 | |
| 650 | 7 | |a SIMULACION |2 CL-VaPUC |9 338579 | |
| 583 | |a last modification |c 20110303 00:00:00 |k Rodrigo Vera | ||
| 490 | 0 | |a Sistemas en Agricultura, 84 08 | |
| 999 | |c 343916 |d 343914 | ||
| 952 | |0 0 |1 0 |4 0 |6 637_100000000000000_DUR_1984 |7 0 |8 A |9 441619 |a BIBAGR |b BIBAGR |d 2019-11-22 |i 4751876 |o 637.1 DUR 1984 |p 4751876 |r 2025-01-20 |w 2019-11-22 |y BK |k AGR | ||